Bacteriophages (Record no. 17057)

000 -LEADER
fixed length control field 00326nam a22001217a 4500
008 - FIXED-LENGTH DATA ELEMENTS--GENERAL INFORMATION
fixed length control field 140321t xxu||||| |||| 00| 0 eng d
020 ## - INTERNATIONAL STANDARD BOOK NUMBER
International Standard Book Number 978-1-60327-565-1
100 ## - MAIN ENTRY--PERSONAL NAME
Personal name Martha R. J. Clokie
9 (RLIN) 808
240 ## - UNIFORM TITLE
Uniform title Methods in Molecular biology 502
245 ## - TITLE STATEMENT
Title Bacteriophages
Remainder of title Methods and protocols
300 ## - PHYSICAL DESCRIPTION
Extent 372
942 ## - ADDED ENTRY ELEMENTS (KOHA)
Source of classification or shelving scheme
Koha item type Book
Holdings
Withdrawn status Lost status Source of classification or shelving scheme Damaged status Not for loan Collection code Permanent Location Current Location Date acquired Total Checkouts Full call number Barcode Date last seen Price effective from Koha item type
            Atta-ur-Rahman School of Applied Biosciences (ASAB) Atta-ur-Rahman School of Applied Biosciences (ASAB) 03/21/2014   576.6 CLO ASAB1490 03/21/2014 03/21/2014 Book
            Atta-ur-Rahman School of Applied Biosciences (ASAB) Atta-ur-Rahman School of Applied Biosciences (ASAB) 03/21/2014   576.6 CLO ASAB1489 03/21/2014 03/21/2014 Book
            Atta-ur-Rahman School of Applied Biosciences (ASAB) Atta-ur-Rahman School of Applied Biosciences (ASAB) 03/21/2014   576.6 CLO ASAB1488 03/21/2014 03/21/2014 Book
            Atta-ur-Rahman School of Applied Biosciences (ASAB) Atta-ur-Rahman School of Applied Biosciences (ASAB) 03/21/2014   576.6 CLO ASAB1487 03/21/2014 03/21/2014 Book
            Atta-ur-Rahman School of Applied Biosciences (ASAB) Atta-ur-Rahman School of Applied Biosciences (ASAB) 03/21/2014   576.6 CLO ASAB1486 03/21/2014 03/21/2014 Book
© 2023 Central Library, National University of Sciences and Technology. All Rights Reserved.